000 00412nam a2200133Ia 4500
008 151001s9999||||xx |||||||||||||| ||und||
100 _aश्यामसुंदर मिश्र
245 _aअवधी साहित्य का इतिहास
250 _a2
260 _b"भारत बुक सेंटर, लखनौ "
260 _c२०१४
300 _a548
365 _b21
999 _c1001649
_d1001646